| 000 | 00967nam a22002177a 4500 | ||
|---|---|---|---|
| 001 | 5692 | ||
| 003 | FISKH | ||
| 005 | 20250114102941.0 | ||
| 008 | 250114b cb ||||| |||| 00| 0 eng d | ||
| 020 | _a9780199126712 | ||
| 040 |
_aFISKH _beng _cFISKH _dFISKH |
||
| 082 | _a428.0071 | ||
| 100 | _aMertin, Patricia | ||
| 245 |
_aOxford English: An International Approach Teacher's Guide 4 / _cby Patricia Mertin |
||
| 250 | _aFirst published 2010 | ||
| 260 |
_aOxford : _bOxford University Press ; _c2010 . |
||
| 300 |
_a64 pages : _billustrations ; _c30 cm . |
||
| 520 | _aProviding methodology, templates, lesson ideas and a CD with listening material, this teachers' guide will assist the day to day planning of English for students aged 11-16 of all abilities. Each guide contains lesson ideas, rubrics for the writing assignments, full answers to the studentbook and workbook as well as a CD packed full of extracts. | ||
| 942 |
_2ddc _cBK _n0 |
||
| 999 |
_c5692 _d5692 |
||